000 00655nam a2200229Ia 4500
003 OSt
005 20241106142114.0
008 210716s1996 xx 000 0 und d
020 _a0395752833
040 _cAIMIT LIBRARY
041 _aeng
082 _a613.2
_21
_bBAIC
100 _aBailey, Covert.
_9184361
245 _aSmart eating /
_cBy Covert Bailey.
250 _a1st ed.
260 _aNew York :
_bHoughton mifflin Company ,
_c1996.
300 _aviii,246p. ;
_bHB
_c24.4 cm
650 _aCoverts target rules
_9184362
650 _aRecipes for smart eating
_9184363
700 _aGates, Ronda.
_9184364
942 _2ddc
_cBK
_e1st
_k613.2 BAIC
999 _c203168
_d203168